000 01093nam a2200217 i 4500
001 165461
003 ES-MaACL
005 20250902110214.0
008 040728s1883 sp |||| | spa d
040 _aCAM
_bspa
_cCAM
110 2 _aSociedad Artístico-Musical de Socorros Mutuos
_96640
245 1 0 _aAnuario y estatutos de la Sociedad Artístico-Musical de Socorros Mutuos autorizada por el Gobierno en real orden de 1º de octubre de 1858 y constituida legalmente en 24 de junio de 1860.
260 _aMadrid :
_b[s.n.],
_c1883 (
_fImp. de La Correspondencia de España])
300 _aXI, 31 p. ;
_c20 cm.
505 8 _aContiene: Junta general celebrada en el Salón de la Escuela Nacional de Música el día 6 de mayo de 1883
530 _aDisponible en formato digital.
610 2 4 _aSociedad Artístico-Musical de Socorros Mutuos
_96640
852 4 _aES-MaACL
_jT-366-F-15
_z- Enc. hol.
_z- Enc. en un vol. facticio
_zEjemp. falto de portada
856 4 _uhttp://bdh-rd.bne.es/viewer.vm?id=0000159165&page=1
_zBiblioteca Digital Hispánica
999 _c165461
_d165461